000 00262nam a2200109Ia 4500
008 190216s9999||||xx |||||||||||||| ||und||
100 _aOrusangam Lekakar
245 0 _aPre-Degree Janthushashthram
260 _bVidyarthimithram
650 _aZoology
942 _cBK
999 _c37419
_d37419